Personnages de Vampire Diaries par images - Statistiques

Statistiques générales
  • Ce quiz a été pris 6 064 fois
  • Le résultat moyen est 14 sur 16
Statistiques - réponses
Par images Réponse % Correct
Elena Gilbert
100%
Damon Salvatore
99%
Bonnie Bennett
98%
Caroline Forbes
97%
Stefan Salvatore
96%
Matt Donovan
95%
Niklaus Mikaelson
94%
Jeremy Gilbert
93%
Alaric Saltzman
90%
Tyler Lockwood
90%
Enzo Saint John
89%
Rebekah Mikaelson
86%
Jenna Sommers
85%
Victoria Donovan
83%
Elijah Mikaelson
82%
Elizabeth Forbes
73%
Aucun quiz correspondant
Distribution des résultats
% des personnes avec chaque résultat
Percentile par nombre de réponses
Votre historique - résultats
Vous n’avez pas pris ce quiz